Economía hoy

Na minha lista:
Detalhes bibliográficos
Autor principal: Miller, Roger LeRoy (autor)
Formato: Livro
Idioma:espanhol
Publicado em: Bogotá Pearson Educación 2002
Assuntos:
Tags: Adicionar Tag
Sem tags, seja o primeiro a adicionar uma tag!

MARC

LEADER 00000nam a2200000 a 4500
001 UCL0122
003 CL-VaPUC
008 030627e20020000CK |||||||||||||||||spa|d
082 0 4 |a 330  |b MIL  |2 21 
100 |a Miller, Roger LeRoy  |e autor  |9 861948 
245 1 0 |a Economía hoy 
300 |a 833 p 
942 |c BK 
945 |d 20030627 00:00:00  |a cmena 
260 |a Bogotá  |b Pearson Educación  |c 2002 
500 |a Incluye Cd-Rom 
650 0 |a Economía   |9 255568 
650 0 |a Macroeconomía   |9 260301 
650 0 |a Microeconomía  |9 258126 
650 7 |a POLITICAS MONETARIAS  |2 CL-VaPUC  |9 410781 
650 0 |a Pobreza  |9 258652 
650 0 |a Desarrollo económico  |9 259599 
583 |a last modification  |c 20030627 00:00:00  |k Rodrigo Vera 
999 |c 304146  |d 304144 
952 |0 0  |1 0  |4 0  |6 330_000000000000000_MIL_2002  |7 0  |8 A  |9 366025  |a BIBENE  |b BIBENE  |d 2019-11-21  |i 3916324  |l 2  |o 330 MIL 2002  |p 3916324  |r 2025-01-15  |s 2022-03-16  |w 2019-11-21  |y BK  |k ICO